000
00297nam a22001337a 4500
008
170508b xxu||||| |||| 00| 0 eng d
020
_a
9780135034446
041
_a
eng
080
_2
12TH
_a
34
100
_a
15
101
_a
SHJ
245
_a
CORRECTIONS IN AMERICA
_c
ALLEN, H.E
942
_2
udc
_c
BK
999
_c
12909
_d
12909